00349 2200145 4500001002100000005001500021035002000036245005100056100001600107300001200123260003000135082001000165084001600175990001200191INLIS00000000000203620250527090615 a0010-05250003281 aMengatasi Kekalutan / Psikologi /cRick Joynen0 aRick Joynen a125 hlm bRevival Publishing,c2003 a152.4 a152.4 RIC m a0712675